Katalógy komplexných faktografických informácií v systéme REVIS a FAKTIS

Gespeichert in:
Bibliographische Detailangaben
Format: Buch
Sprache:Slowakisch
Veröffentlicht: Bratislava Výskumné výpočtové stredisko 1983
Schriftenreihe:Výskumné práce č. 233
Tags: Tag hinzufügen
Keine Tags, Fügen Sie das erste Tag hinzu!

MARC

LEADER 00000nam a2200000 4500
001 c115849
005 20181203150333.8
041 0 |a slo 
044 |a SK 
245 1 0 |a Katalógy komplexných faktografických informácií v systéme REVIS a FAKTIS 
264 1 |a Bratislava  |b Výskumné výpočtové stredisko  |c 1983 
300 |a 123 s. 
490 1 |a Výskumné práce  |v č. 233 
830 0 |a Výskumné práce  |v č. 233